| 000 | 00408cam a2200169ua 4500 | ||
|---|---|---|---|
| 003 | OSt | ||
| 005 | 20260221112657.0 | ||
| 008 | 260221b |||||||| |||| 00| 0 eng d | ||
| 041 | _aeng | ||
| 082 |
_a694.1 _bTEL/LA |
||
| 100 |
_aTelling, M T . _97880 |
||
| 245 | _aCarpentry and Joinery / | ||
| 250 | _a1 / | ||
| 260 |
_aLondon : _bSir Isaac Pitman & Sons Ltd , _c1963. |
||
| 300 | _a267 ; . | ||
| 942 | _cBK | ||
| 999 |
_c3313 _d3313 |
||